| 000 | 00361nam a2200145Ia 4500 | ||
|---|---|---|---|
| 008 | 191201s2006 xx 000 0 und d | ||
| 082 |
_a537 _bNAE |
||
| 100 | _aRAO, Narayana Namapaneni | ||
| 245 | 0 | _aElements of Engineering Electromagnetics | |
| 250 | _a6th | ||
| 260 |
_aN. Delhi _bPearson _c2006 |
||
| 300 | _a831 | ||
| 650 | _aB.Tech(ECE) | ||
| 942 |
_2ddc _cBK |
||
| 999 |
_c4527 _d4527 |
||